Pokemon - Tableau type - Statistiques

Statistiques générales
  • Ce quiz a été pris 41 fois
  • Le résultat moyen est 38 sur 50
Statistiques - réponses
Type de quiz Faiblesses % Correct
Feu Eau
100%
Plante Feu
97%
Normal Combat
95%
Eau Plante
92%
Electrik
89%
Glace Feu
89%
Roche
86%
Sol
86%
Electrik Sol
86%
Roche Eau
84%
Sol Eau
84%
Vol Electrik
84%
Acier Feu
84%
Psy
84%
Dragon
81%
Combat Vol
81%
Fée
78%
Glace
78%
Plante
78%
Plante
78%
Combat
76%
Fée
76%
Insecte Feu
76%
Psy Insecte
76%
Spectre
76%
Vol
76%
Combat
73%
Ténèbres Combat
73%
Insect
73%
Poison
73%
Roche
73%
Sol
73%
Acier
70%
Fée
70%
Fée Poison
70%
Roche
70%
Combat
68%
Glace
68%
Glace
68%
Dragon Glace
68%
Ténèbres
68%
Vol
68%
Acier
65%
Acier
65%
Psy
65%
Roche
65%
Poison Sol
65%
Spectre Spectre
65%
Sol
62%
Insecte
59%
Aucun quiz correspondant
Distribution des résultats
% des personnes avec chaque résultat
Percentile par nombre de réponses
Votre historique - résultats
Vous n’avez pas pris ce quiz